00696nam a2200229 a 4500001001300000003000900013005001700022008004100039020002300080082001700103100001500120245004800135260005200183300001000235500003500245650002100280700001500301902000800316942000700324952011800331999001700449nice12345678IN_TiNIC20260116014725.0140109s2011 noia grp 000 0 eng  a9789350290392c49900a954.91bAKB1 aAkbar, M J aTinderboxb The Past and Future of Pakistan aNoida, U.P., India bHarpercollins Pubs. c2011 a340p  aincludes index and biblioraphy aPakistan-History1 aAkbar, M J bSRC cBK 001040708StackRoom-aHMIbHMId2014-03-13g499.00l0o954.91 AKB1p024309r2014-03-13v499.00w2014-01-09yBK c16649d16649